| 000 | 00505nam a2200157Ia 4500 | ||
|---|---|---|---|
| 008 | 210716s2006 xx 000 0 und d | ||
| 020 | _a9780199260218 | ||
| 041 | _aeng | ||
| 082 | _a658.4 HATM | ||
| 100 | _aHatch, Mary Jo;Cunliffe, Ann L. | ||
| 245 |
_aOrganization theory: modern symbolic and postmodern perspectives. _bModern symbolic and postmodern perspectives. |
||
| 250 | _a2 | ||
| 260 |
_aNew Delhi _bOxford University Press _c2006 |
||
| 300 | _axvxiii,370 | ||
| 650 | _aOrganisational Behavior | ||
| 999 |
_c201481 _d201481 |
||